MARC

LEADER 00000ny a22000003n 4500
003 EbpS
005 2011051101541.0
006 m d ||||||
007 cr anunnnuuuaa
008 060206s us 000 eng d
022 0 |a 0898-4336 
035 |a 2969 
040 |d vLex 
050 0 0 |a HG3879  |b .I565 
050 0 0 |a HG3879  |b .I565 
090 |c 1662  |d 1662 
245 3 4 |a The International economy  |h [Recurso electrn̤ico] 
256 |a Servicio en ln̕ea 
260 |a Washington, D.C. :  |b International Economy Publications, 
310 |a Trimestral 
500 |a Latest issue consulted: Vol. 16, no. 2 (spring 2002) 
500 |a Titulo de la cubierta 
506 1 |a Contenido solo disponible en los productos indicados  |d vLex Global  |d vLex Global (Academic Edition, excluding Law Schools)  |d vLex Global (Academic Edition, Law Schools) 
650 0 4 |a Finanzas internacionales  |x Publicaciones perid̤icas 
650 0 4 |a Instituciones financieras  |x Derecho  |x Publicaciones perid̤icas 
650 0 4 |a Relaciones econm̤icas internacionales 
650 0 4 |a Banking 
650 0 4 |a  finance and accounting industries 
650 0 4 |a International Relations/International Justice 
650 0 4 |a International business/markets 
740 0 |a vLex Revista (Servicios en ln̕ea) 
843 |a Electrn̤ica. Abierta 
853 |8 1  |i (year)  |j (month)  |k (day) 
856 4 0 |u http://vlex.com/source/2969  |z Acceso restringido 
942 |c REV 
999 |a Academic Journal 
999 |a Financial institutions, International  |v Directories 
999 |a International economic relations  |v Periodicals 
999 |a International finance  |v Periodicals